000 01084nam a2200313Ia 4500
005 20220317001344.0
008 161108s2007 sp g 000 0 spa
020 _a9788498380897
100 1 _aMárai, Sándor
_d1900-1989
245 1 3 _aLa hermana
_cSándor Márai ; traducción del húngaro de Mária Szijj y J.M. Gonzáez Trevejo
250 _a7a. edición
300 _a253 páginas
_c22 cm
490 _aNarrativa
500 _aIncluye datos biográficos del autor en la solapa
534 _tA novér
650 1 4 _2LEMB
_aNovela húngara
_ySiglo XX
650 1 4 _2LEMB
_aLiteratura húngara
_ySiglo XX
650 1 4 _2LEMB
_aMuerte en la literatura
650 1 4 _2LEMB
_aEnfermedades en la literatura
700 1 _aSzijj, Mária
_etraductor
_971318
700 1 _aGonzález Trevejo, José María
_etraductor
_971319
942 _2loc
_cBKLIT
264 _aBarcelona
_bSalamandra
_c2007
336 _atexto
_btxt
_2rdacontent
337 _asin mediación
_bn
_2rdamedia
338 _avolumen
_bnc
_2rdacarrier
040 _aCO-BoRNBP
_bspa
_erda
_cCO-BoRNBP
084 _aN MAR19
999 _c6717
_d6717